00269nam a2200109Ia 4500003000400000008004100004100001300045245003800058260004700096300000800143650000800151OSt191201s2004 xx 000 0 und d aMISRA,SK 0aEconomics Environment of Business aN. delhibHimalaya Publication Housec2004 a738 aMBA